|
|
|
|
| LEADER |
01048nam a2200337 4500 |
| 001 |
DLU090093492 |
| 005 |
##20091201 |
| 040 |
# |
# |
|a DLU
|b eng
|
| 041 |
# |
# |
|a eng
|
| 044 |
# |
# |
|a us
|
| 100 |
# |
# |
|a Hofstetter, Thomas B.
|
| 245 |
# |
# |
|a Reactivity of Fe(II) species associated with clay minerals /
|c Thomas B. Hofstetter, Rene P. Schwarzenbach, Stefan B. Haderlein.
|
| 653 |
# |
# |
|a Chemical reaction kinetics
|
| 653 |
# |
# |
|a Chemical reactivity
|
| 653 |
# |
# |
|a Geochemistry
|
| 653 |
# |
# |
|a Hydrochemistry
|
| 653 |
# |
# |
|a Organic compounds
|
| 653 |
# |
# |
|a Soil pollution
|
| 653 |
# |
# |
|a Water pollution
|
| 700 |
# |
# |
|a Haderlein, Stefan B.
|
| 700 |
# |
# |
|a Schwarzenbach, Rene P.
|
| 773 |
# |
# |
|t Environmental Science & Technology
|g Vol. 37, no. 3 (February 2003), p. 519-528
|
| 920 |
# |
# |
|a Phòng Tạp chí -- Trung tâm Thông tin - Thư viện Trường Đại học Đà Lạt
|
| 994 |
# |
# |
|a DLU
|
| 900 |
# |
# |
|a True
|
| 911 |
# |
# |
|a Trương Bảo Trâm Anh
|
| 925 |
# |
# |
|a G
|
| 926 |
# |
# |
|a A
|
| 927 |
# |
# |
|a BB
|
| 980 |
# |
# |
|a Thư viện Trường Đại học Đà Lạt
|